Statistics for How Many Countries...

Click here to take the quiz!

General Stats

  • This quiz has been taken 44 times
  • The average score is 10 of 15

Answer Stats

How many countries...Number% Correct
have pink on their flag?0
100%
are in the top 100 in GDP100
100%
start with A11
100%
are in South America?12
100%
have over 100 million people14
100%
border China?14
100%
are larger than Alaska?16
100%
start with B17
100%
have purple on their flag?2
100%
have Spanish as an official language20
100%
are in North America?23
100%
start with S26
100%
start with H3
100%
are in Europe?45
100%
are in Asia?48
100%
start with D5
100%
are in Africa?54
100%
start with V, W, X, Y, or Z7
100%
start with E9
100%
exist as of May 2022?196
50%
are larger than Europe's largest country0
0%
have 4 letters in their name10
0%
are in the top 100 in population100
0%
start with G11
0%
are in Oceania?14
0%
are not landlocked?151
0%
start with C16
0%
have been invaded by Britain171
0%
start with F3
0%
are larger than Texas?38
0%
are landlocked?45
0%
have English as an official language67
0%
are more populated than Bangladesh7
0%
have claims in Antarctica?7
0%
have over 10 million people91
0%

Score Distribution

Percentile by Number Answered

Percent of People with Each Score

Your Score History

You have not taken this quiz